000 02333cam a2200277 4500500
005 20260329011956.0
041 _afre
042 _adc
100 1 0 _aEllouze, Faten
_eauthor
700 1 0 _aFadel M’rad, Mohamed
_eauthor
245 0 0 _aPérinatalité et vulnérabilité à la schizophrénie
260 _c2011.
500 _a21
520 _aPlusieurs arguments étayent l’hypothèse selon laquelle les incidents périnataux pourraient être des facteurs de risque pour la survenue d’une schizophrénie à l’âge adulte. Dans cette étude, les auteurs se proposent de relever dans une population de patients schizophrènes les complications périnatales, les troubles du comportement infantiles et les troubles du développement précoce. 50 mères ont répondus au questionnaire de JM Mousson concernant leurs enfants malades et leurs enfants sains qui constituaient le groupe témoin. Ce questionnaire permettait d’explorer les périodes de la grossesse, de l’accouchement, les grandes étapes du développement, les perturbations cognitives et les troubles du comportement durant l’enfance. Parmi les patients schizophrènes, on note plus d’antécédents périnataux et plus de troubles du comportement au cours de l’enfance. L’amélioration du suivie de la grossesse, des conditions d’accouchement pourrait diminuer le risque de schizophrénie.
520 _aThe purpose of this stydy is to seek for behavioural disorder, prenatal incidnet and developemental disorders during infancy among schizophrenic patients. 50 schizophrenics’ mothers completed questionnaire about theirs psychotics childen and their non psychotics children. The two groups were compared. The questionnaire was about pregnancy, delivrancy, cognitive and behavioural disorders during infancy. Among schizophrenic patients, there were more pregnancy incidents and neonatal disorders.
690 _acomplication périnatale
690 _agrossesse
690 _aSchizophrénie
690 _atrouble du développement
690 _aDevelopmental disorders
690 _apregnancy
690 _aprenatal incidents
690 _aschizophrenia
786 0 _nPsy Cause | 59 | 1 | 2011-01-11 | p. 36-39 | 1245-2394
856 4 1 _uhttps://shs.cairn.info/revue-psy-cause-2011-1-page-36?lang=fr&redirect-ssocas=7080
999 _c1866698
_d1866698